000 00895nam a2200253Ia 4500
003 OSt
005 20220923231010.0
006 a|||||r|||| 00| 0
007 ta
008 220922b |||||||| |||| 00| 0 pan d
020 _c150
024 _a352,385
037 _b1172, 06/01/2020, H.K. Prakashan
_cTextual
040 _aARTS
_cARTS
_bpan
041 _2pan
_apan
082 _aU8.44971, Q9
100 _aਸੰਧੂ, ਅਵਤਾਰ ਸਿੰਘ, ਂਚ.
245 0 _aਹੁਸਨ ਪਹਾੜਾਂ ਦਾ (ਭੂਟਾਨ ਸਖ਼ਰਨਾਮਾ)
260 _aਹੁFਿਆਰਪੁਰ
_b ਦੋਆਬਾ ਸਾਹਿਤ ਸਭਾ
_c2019
300 _a72ਪ੍ਰ0
_ccm.
650 _aਸਖ਼ਰਨਾਮਾ
942 _hU8.44971, Q9
_cTEXL
_2CC
999 _c388695
_d388695